| Tag |
First Indicator |
Second Indicator |
Subfields |
| LEADER |
00000cam a2200000Ii 4500 |
| 001 |
in00004046832 |
| 006 |
m o d |
| 007 |
cr cnu|unuuu|| |
| 008 |
151228t20162016nyu ob 001 0beng d |
| 005 |
20221130134228.8 |
| 020 |
|
|
|a 9781493935338
|q electronic bk.
|
| 020 |
|
|
|a 149393533X
|q electronic bk.
|
| 020 |
|
|
|z 9781493935314
|
| 024 |
8 |
|
|a 99984361185
|
| 035 |
|
|
|a (NhCcYBP)ebc4454888
|
| 035 |
|
|
|a in00004046832
|
| 040 |
|
|
|a NhCcYBP
|c NhCcYBP
|d UtOrBLW
|
| 041 |
1 |
|
|a eng
|h ita
|
| 043 |
|
|
|a e-it---
|
| 050 |
|
4 |
|a QC774.F4
|b B7813 2016
|
| 082 |
0 |
4 |
|a 539.7092
|2 23
|
| 100 |
1 |
|
|a Bruzzaniti, Giuseppe,
|d 1953-
|e author.
|0 http://id.loc.gov/authorities/names/n85006271
|
| 240 |
1 |
0 |
|a Enrico Fermi : il genio obbediente.
|l English
|
| 245 |
1 |
0 |
|a Enrico Fermi :
|b the obedient genius /
|c Giuseppe Bruzzaniti ; translated by Ugo Bruzzo.
|
| 264 |
|
1 |
|a New York :
|b Birkhäuser,
|c [2016]
|
| 264 |
|
4 |
|c ©2016
|
| 300 |
|
|
|a 1 online resource.
|
| 336 |
|
|
|a text
|b txt
|2 rdacontent
|
| 337 |
|
|
|a computer
|b c
|2 rdamedia
|
| 338 |
|
|
|a online resource
|b cr
|2 rdacarrier
|
| 490 |
1 |
|
|a Springer biographies
|
| 504 |
|
|
|a Includes bibliographical references and index.
|
| 588 |
0 |
|
|a Online resource; title from PDF title page (EBSCO, viewed March 28, 2016).
|
| 505 |
0 |
|
|a Preface to the English Edition -- Preface to the Italian Edition -- The Last Galilean -- 20th Century Physics: 1900-1933 -- Enrico Fermi: Research Itineraries 1921-1933 -- 20th Century Physics: 1934-1954 -- Enrico Fermi: Research Itineraries 1934-1954 -- Epilogue -- Appendix A: Chronologies -- Appendix B: Documents -- Appendix C: Background Material -- Appendix D: Enrico Fermi's Bibliography.
|
| 500 |
|
|
|a Electronic resource.
|
| 600 |
1 |
0 |
|a Fermi, Enrico,
|d 1901-1954.
|0 http://id.loc.gov/authorities/names/n50026886
|
| 650 |
|
0 |
|a Physicists
|z Italy
|v Biography.
|0 http://id.loc.gov/authorities/subjects/sh2010106338
|
| 650 |
|
0 |
|a Nuclear physics
|x History.
|0 http://id.loc.gov/authorities/subjects/sh2008108500
|
| 655 |
|
7 |
|a Electronic books.
|2 local
|
| 700 |
1 |
|
|a Bruzzo, U.
|q (Ugo),
|e translator.
|0 http://id.loc.gov/authorities/names/n86078033
|
| 710 |
2 |
|
|a ProQuest (Firm)
|0 http://id.loc.gov/authorities/names/n2007068018
|
| 830 |
|
0 |
|a Springer biographies.
|0 http://id.loc.gov/authorities/names/no2015134129
|
| 856 |
4 |
0 |
|u https://ebookcentral.proquest.com/lib/tamucs/detail.action?docID=4454888
|z Connect to the full text of this electronic book
|t 0
|
| 945 |
|
|
|a machinegen
|
| 955 |
|
|
|a YBP purchased DDA e-records
|
| 980 |
|
|
|b 129.00
|g 1
|
| 987 |
|
|
|a ybp12902133
|
| 999 |
f |
f |
|s 8c8d7f34-5865-4293-b9de-d188df2aa087
|i 4cd282de-c45b-30c0-8458-c2d6964d5f38
|t 0
|
| 952 |
f |
f |
|a Texas A&M University
|b College Station
|c Electronic Resources
|d Available Online
|t 0
|e QC774.F4 B7813 2016
|h Library of Congress classification
|
| 998 |
f |
f |
|a QC774.F4 B7813 2016
|t 0
|l Available Online
|